| 000 | 00801nam a22002537a 4500 | ||
|---|---|---|---|
| 001 | AUWbook033511 | ||
| 003 | BDCtgAUW | ||
| 005 | 20260513212726.0 | ||
| 008 | 260507b ja ||||| |||| 00| 0 jpn d | ||
| 020 | _a9784872176421 | ||
| 040 |
_aBDCtgAUW _cBDCtgAUW _dBDCtgAUW |
||
| 041 | 1 | _aJapanese | |
| 050 | 0 |
_aPL539 _b.A9 2007 |
|
| 100 | 1 |
_aAwano, Makiko. _991710 _eauthor |
|
| 245 | 1 | 4 |
_aJapanese graded readers : _blevel 2, vol. 2, part 10 / _cMakiko Awano. |
| 260 |
_aJapan : _bAsk publishing, _c2007. |
||
| 300 |
_a22 pages : _billustrations ; _c22cm. |
||
| 362 | 0 | _alevel 2, vol. 2, part 10. | |
| 490 | 1 | _aNihongo yomu yomu bunko. | |
| 650 | 4 |
_aJapanese language _xconversation and phrase books. |
|
| 830 | 0 |
_aNihongo yomu yomu bunko. _991690 |
|
| 887 |
_28 _aPapia Akter |
||
| 942 |
_2lcc _cBK _n0 |
||
| 999 |
_c18691 _d18691 |
||
| 888 | _28 | ||